000 00353 a2200145 4500
001 154778
040 _cEscola São Tomás de Aquino
100 _aCARDOSO, Oldimar
240 1 0 _aHistória antiga , história medieval
_lpor
245 1 0 _aHistória antiga , história medieval
300 _a280
362 0 _a2009
697 _aHISTÓRIA
942 _cBK
999 _c154778
_d154778